000 01182cam a22003497a 4500
003 CHAP
005 20220329141351.0
008 971013s1988 r 00010 d
010 _a67115
011 _a68087
035 _a77559
040 _cCHAP
090 _aTesis
100 0 0 _aBeltrán Blanco, Angel.
_911441
245 0 _aModelo de desarrollo de la terraza de base angosta en suelos someros de temporal
260 _aMontecillo, Méx. :
_bCP. Centro de Edafología,
_c1988
300 _a122 h.
502 _aTesis (Maestro en ciencias, esp. en Edafología) -- CP. Centro de Edafología
590 _aALEPH
_b10
_c20130110
_lUCH01
_h1401
590 _aBATCH-UPD
_b10
_c20130110
_lUCH01
_h0319
590 _aBATCH-UPD
_b10
_c20130110
_lUCH01
_h2219
590 _aBATCH-UPD
_b10
_c20130409
_lUCH01
_h2352
590 _aBATCH-UPD
_b10
_c20130410
_lUCH01
_h1518
590 _aBATCH-UPD
_b10
_c20130914
_lUCH01
_h0558
590 _aCONVERSION
_b10
_c20130109
_lUCH01
_h1337
650 1 4 _aErosión.
_937335
650 1 4 _aTerrazas.
_9112392
901 _aBK
942 _cFOLL
949 _bBC
_cTES
_d-30429
_eTS1
_h20601
_i77559
_si
949 _bBC
_cTES
_d-91468
_eTS2
_fc.2
_h20602
_i77559
_si
999 _c67115
_d67115